| 000 | 00695cab a22001815a 4500 | ||
|---|---|---|---|
| 001 | L154266 | ||
| 008 | 111108s2011 xxka f 000 0 eng d | ||
| 035 | _a(Sirsi) u154266 | ||
| 041 | 0 | _aeng | |
| 100 | 1 | _aBailey, Julian | |
| 245 | 0 | 0 |
_aWhat's in a rate? _bconstruction and engineering contracts |
| 260 | _c2011 | ||
| 490 |
_aCivil Engineering Surveyor _vNovember 2011, 40(1) |
||
| 520 | _aComments on one of the recurring issues with the use of rates in contracts: what works and costs are, and are not, included in any particular rate or other item. | ||
| 651 | 4 |
_aUnited Kingdom _y |
|
| 690 | _aBUILT ENVIRONMENT-BUILDING CONTRACT FORMS-STANDARD FORMS OF BUILDING CONTRACT | ||
| 942 | _n0 | ||
| 999 |
_c83551 _d83551 |
||